00693 a2200193 45000010006000000050017000060080041000230030015000640400040000790800038001192450041001570200018001982640068002163000019002845050133003031000020004367000019004567000024004752688920260407155546.0260407a1985 arg spa dAR-UNSa-BCEJYS aAR-UNSa-BCEJYSbspacAR-UNSa-BCEJYS a711(09)xHistoría del Urbanismo10aHistoria del urbanismopEl siglo XVI a84-7088-391-7 1aMadrid :bInstituto de Estudios de Administración Localc1985 a700 p.c25 cm. a1. Temas y problemas - 2. De finales del siglo XV a la crisis de los años 40 - 3. Las ciudades-fortaleza en la Roma de Sixto V1 aGuidoni, Enrico1 aMarino, Angela1 aVioque Lozano, Juan